000 00632nam a2200205Ia 4500
003 GCL
008 140319s9999 xx 000 0 ara d
040 _aGCL /
_cGCL
082 0 4 _a909
_bأ ت
100 1 _aاشبنغلر، اسوالد
245 1 0 _aتدهور الحضارة الغربية /
_cاشبنغلر، اسوالد
700 1 _aاحمد الشيبانى
260 _aبيروت :
_bمنشورات دار مكتبة الحياه
300 _aمتعدد ؛
_c24 سم
650 0 4 _aتاريخ
650 0 4 _aفلسفة
650 0 4 _aالحضارة
650 0 4 _aالحضارة الاوربية
942 _2ddc
_cBK
999 _c54741
_d54741